Language Quiz

Random Language or Spanish Quiz

Spanish locating phrases Quiz Stats

 Plays Quiz not verified by Sporcle

Challenge
Share
Tweet
Embed
Score 0/15 Timer 10:00
0 Plays Today
Spanish English % Correct
a la izquierda deto the left of
93.8%
detrĂ¡s debehind
93.8%
al lado debeside
93.8%
encima deon top of
93.8%
en el medio dein the middle of
87.5%
debajo deunder
87.5%
lejos defar
87.5%
cerca denear to
87.5%
Spanish English % Correct
delante dein front of
87.5%
entrebetween
81.3%
dentro deinside of
75%
al final deat the end of
75%
a la derecha dethe right of
68.8%
alrededor dearound
62.5%
enfrente deopposite
25%

You're not logged in!

Compare scores with friends on all Sporcle quizzes.
OR
Log In

You Might Also Like...

Show Comments

Extras

Created Apr 28, 2012ReportNominate
Tags:Spanish Quiz, grammar

Top Quizzes Today


Score Distribution

Your Account Isn't Verified!

In order to create a playlist on Sporcle, you need to verify the email address you used during registration. Go to your Sporcle Settings to finish the process.

Report this User

Report this user for behavior that violates our Community Guidelines.

Details: